000 00829nam a2200217 4500
003 CO-ViMGA
020 _a9789588686233
040 _aCO-ViMGA
_bspa
_cCO-ViMGA
082 0 4 _a649.10242
_b T64m
100 1 _aToja, Olivia
_911964
245 1 0 _aMamá debutante :
_bíla guía que todas las jóvenes esperaban! /
_cOlivia Toja ; traducción Francisco Camilo Delgado.
250 _aEdición especial
260 _aBogotá :
_bTrillas,
_c2017
300 _a 239 páginas :
_bilustraciones en color ;
_e23 cm.
490 _aPlan Nacional de Lectura y Escritura Leer es mi Cuento / Ministerio de Cultura
650 1 4 _aMadres E Hijos - Guías
_911965
650 1 4 _aMaternidad (Psicología)
_911967
650 1 4 _aNiños - Cuidado E Higiene - Guías
_911966
700 1 _aI. Delgado, Francisco Camilo,
_etraductor
_911968
942 _2ddc
_cBK
999 _c8472
_d8472